Historia general de España desde los tiempos primitivos hasta la muerte de Fernando VII / (Record no. 156882)
[ view plain ]
| 000 -LEADER | |
|---|---|
| campo de control de longitud fija | 01844nam a22002535i 4500 |
| 001 - NÚMERO DE CONTROL | |
| campo de control | 156882 |
| 003 - IDENTIFICADOR DE NÚMERO DE CONTROL | |
| campo de control | ES-MaACL |
| 005 - FECHA Y HORA DE LA ÚLTIMA TRANSACCIÓN | |
| campo de control | 20250811041356.0 |
| 008 - DATOS DE LONGITUD FIJA--INFORMACIÓN GENERAL | |
| campo de control de longitud fija | 940202m18871890sp a |||| | spa d |
| 080 ## - NÚMERO DE LA CLASIFICACIÓN DECIMAL UNIVERSAL | |
| Número de la Clasificación Decimal Universal | 94(460) |
| 100 1# - ENTRADA PRINCIPAL--NOMBRE DE PERSONA | |
| Nombre de persona | Lafuente, Modesto, |
| Fechas asociadas al nombre | 1806-1866 |
| 9 (RLIN) | 69535 |
| 245 10 - MENCIÓN DEL TÍTULO | |
| Título | Historia general de España desde los tiempos primitivos hasta la muerte de Fernando VII / |
| Mención de responsabilidad, etc. | por Modesto Lafuente ; continuada desde dicha época hasta nuestros dias por Don Juan Valera ; con la colaboración de D. Andrés Borrego y D. Antonio Pirala. |
| 260 ## - PUBLICACIÓN, DISTRIBUCIÓN, ETC. | |
| Lugar de publicación, distribución, etc. | Barcelona : |
| Nombre del editor, distribuidor, etc. | Montaner y Simón, |
| Fecha de publicación, distribución, etc. | 1887-1890. |
| 300 ## - DESCRIPCIÓN FÍSICA | |
| Extensión | 25 v. : |
| Otras características físicas | il. col. y n., mapas ; |
| Dimensiones | 24 cm. |
| 530 ## - NOTA DISPONIBLE DE FORMULARIO FÍSICO ADICIONAL | |
| Nota de formato físico adicional disponible | Disponible en formato digital. |
| 597 ## - NOTA DE DESCRIPCIÓN FÍSICA | |
| NOTA DE DESCRIPCIÓN FÍSICA | I. CXIX, 259 p., [7] h. de lám - II. 402 p., [5] h. de lám. - III. 396 p., [5] h. de lám. - IV. 395 p., [6] h. de lám. - V. 369 p., [6] h. de lám. - VI. 387 p., [5] h. de lám. - VII. 385 p., [8] h. de lám. - VIII. 386 p., [6] h. de lám. - IX. 395 p., [4] h. de lám. - X. 385 p., [4] h. de lám. - XI. 387 p., [4] h. de lám. - XII. 396 p., [6] h. de lám. - XIII. 396 p., [3] h. de lám. - XIV. 395 p., [3] h. de lám. - XV. 410 p., [3] h. de lám. - XVI. 450 p., [3] h. de lám. - XVII. 475 p., [3] h. de lám. - XVIII. 457 p., [4] h. de lám. - XIX. 452 p. - XX. XXIV, 388 p. - XXI. 451 p., [6] h. de lám. - XXII. 441 p., [2] h. de lám. - XXIII. 393 p., [4] h. de lám. - XXIV. 412 p., [2] h. de lám. - XXV. 439 p., [2] h. de lám. |
| 650 #4 - PUNTO DE ACCESO ADICIONAL DE MATERIA--TÉRMINO DE MATERIA | |
| Término de materia o nombre geográfico como elemento de entrada | España- |
| Subdivisión general | Historia. |
| 9 (RLIN) | 185483 |
| 700 1# - ENTRADA AGREGADA--NOMBRE PERSONAL | |
| Nombre de persona | Valera, Juan, |
| Fechas asociadas al nombre | 1824-1905 |
| 9 (RLIN) | 112638 |
| 700 1# - ENTRADA AGREGADA--NOMBRE PERSONAL | |
| Nombre de persona | Borrego, Andrés, |
| Fechas asociadas al nombre | 1802-1891 |
| 9 (RLIN) | 30570 |
| 700 1# - ENTRADA AGREGADA--NOMBRE PERSONAL | |
| Nombre de persona | Pirala, Antonio, |
| Fechas asociadas al nombre | 1824-1903 |
| 9 (RLIN) | 92337 |
| 852 ## - LOCALIZACIÓN | |
| Ubicación | ES-MaACL |
| Número de control de estantería | B-890-914 |
| Nota libre | - Enc. tela |
| 856 ## - LOCALIZACIÓN Y ACCESO ELECTRÓNICOS | |
| Identificador Uniforme de Recursos | <a href="http://bdh-rd.bne.es/viewer.vm?id=0000234126&page=1 ">http://bdh-rd.bne.es/viewer.vm?id=0000234126&page=1 </a> |
| Nota pública | Biblioteca Digital Hispánica |
| Estatus retirado | Estado de pérdida | Estado de daño | No para préstamo | Colección | Biblioteca de origen | Biblioteca actual | Ubicación en estantería | Fecha de adquisición | Fuente de adquisición | Total de préstamos | Signatura topográfica completa | Código de barras | Visto por última vez | Precio de reemplazo | Tipo de ítem Koha |
|---|---|---|---|---|---|---|---|---|---|---|---|---|---|---|---|
| Colección digital | Biblioteca del Ateneo de Madrid | Biblioteca del Ateneo de Madrid | Sala Pardo Bazán | 17/01/2008 | B-890-914 | 1164137 | 23/02/2023 | 23/02/2023 | Libro impreso antiguo |
